000 00809nmm a2200265 a 4500
001 ocm000598007
003 TR-IsHL
005 20201028132226.0
008 131030s2009 tu tur
007 cr cn
020 _a9786055880910
035 _a598007
_b(N$T)
050 0 4 _aPL248.Ö93
_bA4 2009
090 0 4 _aPL248.Ö93
_bA4 2009
100 1 _aÖzbay, Adem
245 1 0 _aAlfabenin sen harfi
_h[electronic resource] /
_cAdem Özbay
260 _aİstanbul :
_bAkis Kitap,
_c2009
300 _a186 p.
650 4 _aDil ve Edebiyat
650 4 _aLanguage and Literature
650 0 _aTürk şiiri
650 0 _aTurkish poetry
650 7 _aLITERARY COLLECTIONS / Middle Eastern
_2bisacsh
856 4 0 _uhttp://search.ebscohost.com/login.aspx?direct=true&scope=site&db=e011xww&AN=598007
999 _c4980
_d4980